F1 Track's winners - #2 - Statistics

General Stats
  • This quiz has been taken 386 times
  • The average score is 7 of 12
Answer Stats
Track Wins Driver % Correct
Barcelona 6 Michael Schumacher
95%
Phoenix 2 Ayrton Senna
84%
Jacarepaqua 5 Alain Prost
82%
Anderstorp 2 Niki Lauda
75%
Watkins Glen 3 Graham Hill
66%
Bremgarten 2 Juan Manuel Fangio
65%
Mosport Park 2 Jackie Stewart
64%
Watkins Glen 3 Jim Clark
62%
Jarama 2 Mario Andretti
44%
Monsanto Park 1 Stirling Moss
38%
Anderstorp 2 Jody Scheckter
35%
Sebring 1 Bruce McLaren
16%
No matching quizzes found
Score Distribution
Percent of People with Each Score
Percentile by Number Answered
Your Score History
You have not taken this quiz